000 01901nam a2200397 c 4500
999 _c163918
_d163918
003 BLK
005 20250119004141.0
008 180410b bul|||||r ||||||| ||bul||
010 _aKNG00171400000
040 _aBLK
041 _aBUL
_cBUL
080 _aПърва българска държава. Българските земи и българската държава през ранния феодализъм (VІ в. - 1018 г. ).
_b94(497.2)"681/1018"
_z94(497.2)"681/1018"
080 _aНародни вярвания. Народни обичаи. Суеверия, свързани с годишни времена, с дома, религиозни празници и др. Нестинарство
_b398.3
_x(497.2)
_z398.3(497.2)
100 1 _aВенедиков, Иван Йорданов
_eпърви автор
_9252681
139 _aВенедиков, Иван Йорданов
_bВ 46
245 1 0 _aМедното гумно на прабългарите
_bИзследване
_cИван Йорданов Венедиков.
257 _aBGR
260 _bНаука и изкуство
_c1983
_aСофия
300 _a272 с.
_b8 л. ил.
_c22 см
380 _a9
500 _a6115 тир. - Библиогр. с. 267-269
650 4 _aОбреди и обичаи, български - езически елементи
_9253886
650 4 _aРелигии - България - история
_9253887
650 7 _aБългария - история, средни векове
_2
_9149610
653 _aпрабългари
653 _aистория
653 _aрелигия
653 _aезичество
852 _aЦб 120428
856 4 _qpdf
856 4 _qpdf
942 _cKNG
_n0
_s1
944 _aCR
_c16.02.2015
_k
_lCRON CRON
944 _aED
_c29.08.2016
_kТеодора_Стоянова
999 _d163918